Propuesta de un SGC al proceso de aprobación de financiamiento para PYMES del programa de apoyo urbano y rural PROAFUR de Catholic Relief services CRS

Presenta la propuesta de un sistema de gestión de calidad que garantice la eficiencia del proceso de aprobación de financiamiento para PYMES, se desarrolla un diagnóstico sobre el desempeño, relacionado con la calidad de las áreas de la empresa (organización, gestión de clientes y procesos) i...

Full description

Bibliographic Details
Main Author: Tellería García, Glikerya
Other Authors: Tutor: Sánchez Munguía, Marvin René
Format: Tesis Section = Libro
Language:Undetermined
Spanish
Published: Managua UNI 2009
Subjects:
LEADER 01489nam a2200241Ia 4500
008 240830s9999 xx 000 0 und d
040 |a BIBLIOTECA-RUPAP Mon 658.402 T274 
041 |a spa 
082 |a Mon 658.402 T274 
100 1 |a Tellería García, Glikerya 
245 1 0 |a Propuesta de un SGC al proceso de aprobación de financiamiento para PYMES del programa de apoyo urbano y rural PROAFUR de Catholic Relief services CRS 
260 |a Managua  |b UNI  |c 2009 
300 |a 104 p. :il. 
500 |a Contiene: anexos e Incluye: CD. 
502 |a Tesis (Ingeniero de Sistemas)- UNI, 2009. 
520 3 |a Presenta la propuesta de un sistema de gestión de calidad que garantice la eficiencia del proceso de aprobación de financiamiento para PYMES, se desarrolla un diagnóstico sobre el desempeño, relacionado con la calidad de las áreas de la empresa (organización, gestión de clientes y procesos) involucrados en el proceso de aprobación de financiamiento para PYMES además se establecen los elementos necesarios de un sistema de gestión de calidad adecuado al proceso de aprobación de financiamiento para PYMES del programa de apoyo Financiero Urbano y Rural PROAFUR. 
650 7 |a SISTEMA DE GESTION - PROCESO DE APROBACION DE FINANCIAMIENTO SISTEMA DE GESTION DE LA CALIDAD 
650 7 |b MANUAL DE LA CALIDAD - PROAFUR 
650 7 |c SERVICIO AL CLIENTE 
700 1 |a Tutor:  |b Sánchez Munguía, Marvin René  
942 |c BK  |2 ddc 
991 |a TESIS 
999 |c 17294